00633nam a2200169 a 450000100100000000500170001000800410002704000250006808200160009310000460010924500880015526000350024330000280027859000260030695201140033299900170044600004653020201002052934.0150824s1968 dr a r 000 0 spa d aDO-SdBNPbspacBNPHU axxxxbM385l1 aMartínez de San Vicente, Jesús97451910aLenguaje y nociones de gramatica :b5to grado /cJesús Martínez de San Vicente. aSanto Domingo :bS. M.,c1968. a111 p. :bil. ;c25 cm. aInventariado, 2018/BT 0010718PDaPDbPDcHDd2015-08-24iLF1l0oxxxx M385lp46530-10r2020-06-25w2020-06-25yLFPDZNo se presta c46019d46019